书目信息 |
| 题名: |
酵母遗传学
|
|
| 作者: | 陈士怡 , 徐洪基 著 | |
| 分册: | ||
| 出版信息: | 北京 科学出版社 1989.10 |
|
| 页数: | 226页 | |
| 开本: | 26厘米 | |
| 丛书名: | ||
| 单 册: | ||
| 中图分类: | Q933 | |
| 科图分类: | ||
| 主题词: | 酵母菌科--遗传学 | |
| 电子资源: | ||
| ISBN: | 978-7-03-001100-8 | |
| 000 | 00908nam0 2200241 450 | |
| 001 | 0100304874 | |
| 005 | 20020928000000.0 | |
| 010 | @a978-7-03-001100-8@dCNY14.70 | |
| 100 | @a19921105d1989 em y0chiy0110 ea | |
| 101 | 1 | @achi |
| 102 | @aCN@b110000 | |
| 105 | @ay z 000yy | |
| 106 | @ar | |
| 200 | 1 | @a酵母遗传学@9Jiao Mu Yi;Wei Chuan;Zhuan Xue @f陈士怡,徐洪基著@b专著 |
| 210 | @a北京@c科学出版社@d1989.10 | |
| 215 | @a226页@d26厘米 | |
| 330 | @a本书分为酵母经典遗传学和分子遗传学两部分,系统地介绍了酵母的细胞学特性,生活史,接合型和孢子形成的遗传、发酵与合成功能的遗传,抗性与耐受性的遗传,以及酵母基因的克隆、表达与调控,酵母线粒体和酵母DNA质粒,书末附有酵母分子遗传学基本实验技术。 | |
| 606 | 0 | @a酵母菌科@x遗传学 |
| 690 | @aQ933@v三版 | |
| 701 | 0 | @a陈士怡@f(1912~1994)@9chen shi yi@4著 |
| 701 | 0 | @a徐洪基@9xu hong ji@4著 |
| 801 | 0 | @aCN@bAiZhiMarc@c19921105 |
| 905 | @aBZT@dQ933@e38@f1@sQ933/38 | |
| 酵母遗传学/陈士怡,徐洪基著.-北京:科学出版社,1989.10 |
| 226页;26厘米 |
| ISBN 978-7-03-001100-8:CNY14.70 |
| 本书分为酵母经典遗传学和分子遗传学两部分,系统地介绍了酵母的细胞学特性,生活史,接合型和孢子形成的遗传、发酵与合成功能的遗传,抗性与耐受性的遗传,以及酵母基因的克隆、表达与调控,酵母线粒体和酵母DNA质粒,书末附有酵母分子遗传学基本实验技术。 |
| ● |
| 相关链接 |
|
|
|
正题名:酵母遗传学
索取号:Q933/38
 
预约/预借
| 序号 | 登录号 | 条形码 | 馆藏地/架位号 | 状态 | 备注 |
| 1 | 2000110282 | 2000110282 | 旧书回溯/ [索取号:Q933/38] | 在馆 |